000 01166nmm a2200397 a 4500
003 AR-BaBNM
005 20251128202840.0
008 027019s1988 ||||||||||||||000 | spa||
020 _a950-508-267-3
040 _cAR-BaBNM
100 1 _aArazi, Roland
245 1 0 _aElementos de derecho procesal
260 _aBuenos Aires
_bAstrea
_c1988
300 1 _axx, 255 p.
500 0 _aIndice general p. ix-xx
504 _aBibliografía p. 249-255
650 4 _aDERECHO PROCESAL
650 4 _aJUECES
650 4 _aPROCEDIMIENTO JUDICIAL
650 4 _aFUNCION PUBLICA
650 4 _aJUSTICIA
650 4 _aSENTENCIAS
650 4 _aPROCEDIMIENTO CIVIL
650 4 _aJURISPRUDENCIA
650 4 _aLEGISLACION ARGENTINA
700 1 _aAlonso, Eduardo O.
_ecolaborador
700 1 _aAllo Hernández, Liliana
_ecolaborador
700 1 _aCastaños Zemborain, Victor M.
_ecolaborador
700 1 _aDi Noto, Norma B.
_ecolaborador
700 1 _aKielmanovich, Jorge L.
_ecolaborador
700 1 _aLesser, Alejandro
_ecolaborador
700 1 _aPiatigorsky, Santiago
_ecolaborador
700 1 _aTurco, Norma B.
_ecolaborador
942 _cBK
998 _cAndrea
999 _c872
_d872